Joan Robinson: Tergiversación de la teoría marxista
Guardat en:
| Autor principal: | |
|---|---|
| Format: | Text |
| Publicat: |
Guadalajara:
Universidad de Guadalajara,
Instituto de Estudios Sociales
|
| Etiquetes: |
Afegir etiqueta
Sense etiquetes, Sigues el primer a etiquetar aquest registre!
|
MARC
| LEADER | 00000 a a2200000 04500 | ||
|---|---|---|---|
| 001 | 24842 | ||
| 003 | |||
| 040 | |||
| 090 | |a 174900 | ||
| 100 | |a López Cuadras, César | ||
| 245 | |a Joan Robinson: Tergiversación de la teoría marxista | ||
| 260 | |a Guadalajara: |b Universidad de Guadalajara, |c Instituto de Estudios Sociales | ||
| 300 | |a 119 p. | ||
| 999 | |c 14493 |d 14493 | ||
